| 000 | nam a22 7a 4500 | ||
|---|---|---|---|
| 999 |
_c29386 _d29386 |
||
| 008 | 171205b xxu||||| |||| 00| 0 eng d | ||
| 020 | _a9966461574 | ||
| 050 | _aPR 9381.9 M9C3 2015 | ||
| 100 | _aMwangi, Meja | ||
| 245 |
_aCarcase for hounds/ _cMeja Mwangi |
||
| 260 |
_aNairobi: _bE.A.E.P., _c1974. |
||
| 300 | _a150p. | ||
| 650 | _aFiction | ||
| 942 |
_2lcc _cAFRICANA _hPR 9381.9 M9C3 2015 |
||